000 00625nam a22002057a 4500
003 0
005 20251111092409.0
008 251111b xxu||||| |||| 00| 0 eng d
020 _a978-0-451-22010-3
050 _aPS 3562.E78
_b.L47 2007
100 _aLescroart, John,
_eauthor.
245 _aThe Hunt club /
_cJohn Lescroart.
260 _aNew York, NY :
_bSignet,
_c2007.
300 _a532 pages ;
_c20 cm.
650 _aDetective and mystery stories.
650 _aPrivate investigators
_zCalifornia
_zSan Francisco
_xFiction.
650 _aMurder
_xInvestigation
_vFiction.
650 _aLegal stories.
942 _2lcc
_cBK
999 _c368555
_d368555